Rozvojové zmeny vo vidieckych regiónoch
Saved in:
| Main Author: | |
|---|---|
| Format: | Book |
| Language: | Slovak |
| Published: |
Bratislava
Výskumný ústav ekonomiky poľnohospodárstva a potravinárstva
2003
|
| Series: | Štúdia
č. 69/2003 |
| Subjects: | |
| Tags: |
No Tags, Be the first to tag this record!
|
MARC
| LEADER | 00000nam$a2200000$$$4500 | ||
|---|---|---|---|
| 001 | 0024332 | ||
| 005 | 20240223110415.2 | ||
| 020 | |a 80-8058-293-9 | ||
| 041 | 0 | |a slo | |
| 044 | |a SK | ||
| 245 | 1 | 0 | |a Rozvojové zmeny vo vidieckych regiónoch |c Ľubica Srnková |
| 264 | 1 | |a Bratislava |b Výskumný ústav ekonomiky poľnohospodárstva a potravinárstva |c 2003 | |
| 300 | |a 30 s. | ||
| 490 | 1 | |a Štúdia |v č. 69/2003 | |
| 830 | 0 | |a Štúdia |v č. 69/2003 | |
| 610 | 2 | 0 | |a vidiek |
| 610 | 2 | 0 | |a regióny |
| 610 | 2 | 0 | |a politika regionálna |
| 610 | 2 | 0 | |a podmienky sociálne |
| 610 | 2 | 0 | |a podmienky životné |
| 610 | 2 | 0 | |a obyvateľstvo |
| 610 | 2 | 0 | |a trh práce |
| 610 | 2 | 0 | |a infraštruktúra |
| 610 | 2 | 0 | |a politika štruktúrna |
| 610 | 2 | 0 | |a integrácia ekonomická medzinárodná |
| 610 | 2 | 0 | |a Slovensko |
| 610 | 2 | 0 | |a Európska únia |
| 100 | 1 | |a Srnková, Ľubica | |